gagnant coupe de la ligue - Statistiques

Statistiques générales
  • Ce quiz a été pris 42 fois
  • Le résultat moyen est 15 sur 26
Statistiques - réponses
Hint Réponse % Correct
2001 lyon
91%
2012 marseille
91%
2011 marseille
91%
2010 marseille
91%
2009 bordeaux
71%
2007 bordeaux
71%
2002 bordeaux
71%
2013 saint etienne
71%
2003 monaco
69%
1999 lens
63%
2019 strasbourg
63%
2005 strasbourg
63%
1997 strasbourg
63%
1996 metz
54%
2020 paris sg
43%
2018 paris sg
43%
2017 paris sg
43%
2016 paris sg
43%
2015 paris sg
43%
2014 paris sg
43%
2008 paris sg
43%
1998 paris sg
43%
1995 paris sg
43%
2006 nancy
40%
2004 sochaux
40%
2000 gueugnon
29%
Aucun quiz correspondant
Distribution des résultats
% des personnes avec chaque résultat
Percentile par nombre de réponses
Votre historique - résultats
Vous n’avez pas pris ce quiz